000
00307nam a22001337a 4500
008
171011b xxu||||| |||| 00| 0 eng d
020
_a
9780767405706
041
_a
eng
080
_a
316
100
_a
50
101
_a
SOC
245
_a
FAMILY LIFE EDUCATION AN INTRODUCTION
_c
POWELL,L.H
942
_2
udc
_c
BK
999
_c
33094
_d
33094